书目信息 |
| 题名: |
现代西方法理学
|
|
| 作者: | 吕建高 编著 | |
| 分册: | ||
| 出版信息: | 北京 法律出版社 2013 |
|
| 页数: | 10,532页 | |
| 开本: | 23cm | |
| 丛书名: | ||
| 单 册: | ||
| 中图分类: | D903 | |
| 科图分类: | ||
| 主题词: | 法理学--西方国家--现代--英文 , 法理学 | |
| 电子资源: | ||
| ISBN: | 978-7-5118-5299-1 | |
| 000 | 01172nam0 2200253 450 | |
| 001 | 523 | |
| 005 | 20140905102209.84 | |
| 010 | @a978-7-5118-5299-1@dCNY50.00 | |
| 100 | @a20140106d2013 em y0chiy50 ea | |
| 101 | 0 | @aeng@fchi |
| 102 | @aCN@b110000 | |
| 105 | @ay z 000yy | |
| 106 | @ar | |
| 200 | 1 | @a现代西方法理学@AXian Dai Xi Fang Fa Li Xue@dContemporary western jurisprudence@f吕建高编著@FLu^ Jian Gao Bian Zhu@zeng |
| 210 | @a北京@c法律出版社@d2013 | |
| 215 | @a10,532页@d23cm | |
| 330 | @a本书主要介绍西方自19世纪以来的各种法学流派及其代表人物和基本观点,具体包括:法律实证主义及其代表奥斯丁、哈特、凯尔森、拉兹、科尔曼;边沁和功利主义法学;自然法学派及其代表菲尼斯和富勒;德沃金及其整体性法律;罗尔斯及其正义论;诺齐克及其资格理论;波斯纳和经济分析法学;法社会学及其代表耶林、埃利希、庞德、涂尔干、韦伯、马克思、卢曼、哈贝马斯;法律现实主义;历史法学派;昂格尔和批判法学;以及女性主义法学。 | |
| 510 | 1 | @aContemporary western jurisprudence@zeng |
| 606 | 0 | @a法理学@x西方国家@y现代@j英文 |
| 606 | 0 | @a法理学 |
| 690 | @aD903@v5 | |
| 701 | 0 | @a吕建高@ALu^ Jian Gao@f(1972~)@4编著 |
| 801 | 0 | @aCN@bTANGWEI@c20140603 |
| 905 | @b0840163-65@dD903@e506@f3 | |
| 现代西方法理学=Contemporary western jurisprudence/吕建高编著.-北京:法律出版社,2013 |
| 10,532页;23cm |
| ISBN 978-7-5118-5299-1:CNY50.00 |
| 本书主要介绍西方自19世纪以来的各种法学流派及其代表人物和基本观点,具体包括:法律实证主义及其代表奥斯丁、哈特、凯尔森、拉兹、科尔曼;边沁和功利主义法学;自然法学派及其代表菲尼斯和富勒;德沃金及其整体性法律;罗尔斯及其正义论;诺齐克及其资格理论;波斯纳和经济分析法学;法社会学及其代表耶林、埃利希、庞德、涂尔干、韦伯、马克思、卢曼、哈贝马斯;法律现实主义;历史法学派;昂格尔和批判法学;以及女性主义法学。 |
| ● |
| 相关链接 |
|
|
|
|
正题名:现代西方法理学
索取号:D903/506
 
预约/预借
| 序号 | 登录号 | 条形码 | 馆藏地/架位号 | 状态 | 备注 |
| 1 | 0840163 | 208401638 | 第一样本阅览室/ [索取号:D903/506] | 在馆 | |
| 2 | 0840164 | 208401647 | 密集书库-史法系/ [索取号:D903/506] | 在馆 | |
| 3 | 0840165 | 208401656 | 第一借阅区/ [索取号:D903/506] | 在馆 |